[Event "Muensterland Verbandsklasse playof 9-11"]
[White "Li, David3"]
[Black "Meis, Jonas"]
[Site "Germany"]
[Round "1.8"]
[Result "0-1"]
[Date "2023.04.22"]
[WhiteElo "1371"]
[BlackElo "1599"]
[PlyCount "104"]
[EventDate "2022.04.22"]
[EventType "team-match"]
[EventRounds "2"]
[EventCountry "GER"]
[SourceTitle "EXT 2024"]
[Source "ChessBase"]
[SourceDate "2023.10.10"]
[SourceVersion "1"]
[SourceVersionDate "2023.10.10"]
[SourceQuality "1"]
[WhiteTeam "Emsdetten Rochade III"]
[BlackTeam "Heiden II"]
[WhiteTeamCountry "GER"]
[BlackTeamCountry "GER"]

1. Nf3 d5 2. d4 Bf5 3. Bf4 e6 4. e3 Nf6 5. a3 Bd6 6. Bxd6 Qxd6 7. c4 c6 8. Nc3 Nbd7 9. Qb3 Rb8 10. Qa4 a6 11. Qa5 0-0 12. c5 Qe7 13. Na4 e5 14. Nb6 exd4 15. Nxd4 Bg6 16. Nxd7 Nxd7 17. b4 Be4 18. Qa4 Rfe8 19. Qd1 Qf6 20. Qg4 Qxd4 21. exd4 Bf3+ 22. Kd2 Bxg4 23. Bd3 Nf8 24. f3 Bh5 25. a4 Ne6 26. Kc3 Nf4 27. Ra2 Re3 28. Rd1 Bg6 29. Rad2 Nxd3 30. Rxd3 Rxd3+ 31. Rxd3 Bxd3 32. Kxd3 b6 33. Kc3 bxc5 34. bxc5 a5 35. g3 Rb4 36. h4 Rxa4 37. Kb3 Rxd4 38. h5 Rd3+ 39. Ka4 Rxf3 40. h6 Rxg3 41. Kxa5 gxh6 42. Kb6 Rg6 43. Kc7 d4 44. Kb6 d3 45. Kb7 d2 46. Kb8 d1Q 47. Kc7 Qd5 48. Kb6 Rg4 49. Kb7 Qxc5 50. Kc7 Qe7+ 51. Kc8 Rd4 52. Kb8 Rd8# 0-1